Sıkı durun İkizler Okulda! : (Record no. 23470)

MARC details
000 -BAŞLIK
Sabit Uzunluktaki Kontrol Alanı 00584nam a22002057a 4500
003 - KONTROL NUMARASI KİMLİĞİ
Kontrol Alanı koha_MIRAKIL
005 - EN SON İŞLEM TARİHİ ve ZAMANI
Kontrol Alanı 20260415090617.0
008 - SABİT UZUNLUKTAKİ VERİ ÖGELERİ - GENEL BİLGİ
Sabit Alan 260415b tur||||| |||| 00| 0 tur d
020 ## - ISBN - ULUSLARARASI STANDART KİTAP NUMARASI
Isbn 9789759913953
040 ## - KATALOGLAMA KAYNAĞI
Özgün Kataloglama Kurumu TR-IsEVY
Kataloglama Dili tur
Çeviri Kurumu TR-IsEVY
082 ## - DEWEY ONU SINIFLAMA SİSTEMİ
Sınıflama Numarası FIC BLY/S
100 ## - KİŞİ ADI
Yazar Adı (Kişi adı) Blyton, Enid
245 #0 - ESER ADI BİLDİRİMİ
Başlık Sıkı durun İkizler Okulda! :
Alt Eseradı vb. yaz dönemi /
Sorumluluk Bildirimi Enid Blyton.
250 ## - BASIM BİLDİRİMİ
Basım Bildirimi 3. bs.
260 ## - YAYIN, DAĞITIM, VB.
Yayın Yeri İstanbul :
Yayınevi Doğan Egmont,
Yayın Tarihi 2010.
300 ## - FİZİKSEL TANIMLAMA
Sayfa, Cilt vb. 247 s. :
Boyutları 18 cm.
490 0# - DİZİ BİLDİRİMİ
Dizi Bildirimi İkizler Okulda ; 3.
650 ## - KONU BAŞLIĞI EK GİRİŞ - KONU TERİMİ
Konusal terim veya coğrafi ad Çocuk Edebiyatı.
Alt başlık biçimi Çocuk Romanı.
942 ## - EK GİRİŞ ÖGELERİ (KOHA)
Source of classification or shelving scheme Dewey Decimal Classification
Koha item type Kitap
Holdings
Kayıp Durumu Sınıflandırma Kaynağı Hasarlı Durumu Koleksiyon Kodu Kalıcı Konum Mevcut Konum Kayıt Tarih Edinim Kaynağı Toplam Ödünçverme Yer Numarası Demirbaş Numarası Son Görülme Tarihi Fatura Tarihi Materyal Türü
  Dewey Decimal Classification   İlkokul İLKOKUL KÜTÜPHANESİ İLKOKUL KÜTÜPHANESİ 15/04/2026 Bağış   FIC BLY/S 25080 15/04/2026 15/04/2026 Kitap